000 00937nam a2200241Ia 4500
001 10537
003 GE_BSU
008 181216s||||||||xx |||||||||||||| ||und||
020 _a9789941143960
040 _cGE_BSU
080 _a624.13
100 _aჟორდანია,თ. ეზუგბაია,ზ. ღვინეფაძე,რ.
245 _aსახურავები ბურულების მოწყობის ტექნოლოგია.
245 _cრედ:ირემაშვილი ი.
260 _aთბილისი
260 _bსაქართველოს ტექ. უნ-ტი
260 _c2009
300 _a304გვ;28სმ.
300 _eბიბლიოგრ.გვ:304.ილ.ნახ.
541 _h30ლ
653 _aსახურავები ბურულების მოწყობის ტექნოლოგია.
942 _cBK
999 _c43792
_d43792